| 000 | 00912cam a2200253 i 4500 | ||
|---|---|---|---|
| 999 |
_c200439993 _d58205 |
||
| 003 | TR-AnTOB | ||
| 005 | 20240425142825.0 | ||
| 007 | ta | ||
| 008 | 210316s1987 tu g 000 0 tur d | ||
| 040 |
_aTR-AnTOB _beng _erda _cTR-AnTOB |
||
| 041 | 0 | _atur | |
| 050 | 1 | 4 |
_aHE562.8 _b.U48 1987 |
| 090 |
_aTOBBK HE562.8 _b.U48 1987 |
||
| 245 | 0 | 0 |
_aUluslararası Deniz Taşımacılığı ve Eğitimi Sempozyumu; 12 Ocak 1986, Ankara = _bSymposium on ınternational Maritine Transport and Training Issue; 12th, 1986. |
| 264 | 1 |
_a[Place of publication not identified] : _bUlaştırma Bakanlığı, _c1987. |
|
| 300 |
_a157 pages : _btables ; _c28 cm |
||
| 336 |
_atext _btxt _2rdacontent |
||
| 337 |
_aunmediated _bn _2rdamedia |
||
| 338 |
_avolume _bnc _2rdacarrier |
||
| 650 | 0 |
_aDeniz taşımacılığı _vKongreler _9137228 |
|
| 942 |
_2z _cBK |
||